000 nam a22 7a 4500
999 _c30159
_d30159
008 190319b xxu||||| |||| 00| 0 eng d
050 _aLB 1139.23 .M84 2018
100 _aMuema Mbula Mary.
245 _aPlay determinants influencing acquisition of numeracy skills:
_bamong early childhood learners in ECDE centres/
_cMary Mbula Muema.
260 _aKenya :
_bMary Mbula Muema,
_c2018.
300 _axii, 95p, :
_bill, ;
_c30cm.
650 _aplay determinants influencing acquisition of numerancyskills
_vamong early childhood learners
_xin ECDE centers in in kathiani sub-county machakos county.
942 _2lcc
_cT & D
_hLB 1139.23 .M84 2018